000 00320nam a22001337a 4500
008 170511b xxu||||| |||| 00| 0 eng d
020 _a2901422425038
041 _aeng
080 _22ND
_a342
100 _a15
101 _aSHJ
245 _aLAW OF EMPLOYEE PENSION AND WELFARE BENEFITS
_cFROLIK, L.A
942 _2udc
_cBK
999 _c13164
_d13164